| 000 | 01010cab a2200277 4500 | ||
|---|---|---|---|
| 001 | WB3505-35 | ||
| 008 | 090401t1999 xxu||||| |||| 00| 0 eng d | ||
| 035 | _a(Sirsi) u91078 | ||
| 041 | _aeng | ||
| 245 | _aNon-domestic rates | ||
| 260 | _c1999 | ||
| 350 | _a0 | ||
| 490 |
_aEstates Gazette _v[1999] EGCS 8 (03/02/99) |
||
| 520 | _a"Richardson Development Ltd v Birmingham CC" QBD 20 January 1999. R in arrears of rates on a premises consisting of a listed building with two new wings. Magistrate found new wings not ancillary and therefore not exempt from payment of rates. R appealed. Appeal dismissed. | ||
| 650 | _aEXEMPTION | ||
| 650 | _aEXTENSION | ||
| 650 | _aLIABILITY | ||
| 650 | _aLISTED BUILDING | ||
| 650 | _aNON-DOMESTIC RATES | ||
| 650 | _aPLANNING (LISTED BUILDINGS AND CONSERVATION AREAS) ACT 1990 S1(5) | ||
| 650 | _aRATING APPEALS | ||
| 650 | _aRICHARDSON DEVELOPMENT LTD V BIRMINGHAM CC | ||
| 690 | _aRATING AND VALUATION-CASE LAW | ||
| 942 | _n0 | ||
| 948 | _c03/02/1999 | ||
| 999 |
_c57789 _d57789 |
||